{"text_format":"3","workbook":"xlsx","n_sheets":2,"sheets":["Sheet1","Sheet2"],"not_rendered":{"defined_names":1},"read":"whole","date_system":"1900"}

{"sheet":"Sheet1","index":0,"n_rows":26,"n_cols":14,"rows_kept":26,"merged":[[0,0,0,12],[2,13,21,13],[3,0,4,0],[3,1,4,1],[3,2,4,2],[3,3,4,3],[3,4,4,4],[3,5,4,5],[3,6,4,6],[3,7,4,7],[3,8,4,8],[3,9,4,9],[3,11,4,11],[3,12,4,12],[6,0,7,0],[6,1,7,1],[6,2,7,2],[6,3,7,3],[6,4,7,4],[6,5,7,5],[6,6,7,6],[6,7,7,7],[6,8,7,8],[6,9,7,9],[6,11,7,11],[6,12,7,12],[14,0,15,0],[14,1,15,1],[14,2,15,2],[14,3,15,3],[14,4,15,4],[14,5,15,5],[14,6,15,6],[14,7,15,7],[14,8,15,8],[14,9,15,9],[14,11,15,11],[14,12,15,12],[16,0,18,0],[16,1,18,1],[16,2,18,2],[16,3,18,3],[16,4,18,4],[16,5,18,5],[16,6,18,6],[16,7,18,7],[16,8,18,8],[16,9,18,9],[16,11,18,11],[16,12,18,12],[22,13,24,13]]}
["附件1：                              抽检不合格信息"]
["序号","抽样单号","受检单位名称","受检单位详细地址","样品名称","标称文字商标","型号规格等级","标称生产单位名称","标称生产单位地址","批号/生产日期/购进日期","不合格项目｜标准要求｜检验结果","食品分类","检测机构","备注"]
[1,"SZ210126831","深圳市宝安区沙井李记冻品行","深圳市宝安区沙井街道中心路5号万丰市场10号铺","腌萝卜干（片）","/","/","/","/","/","甜蜜素(以环己基氨基磺酸计)｜≤1.0 (g/kg)｜2.00(g/kg) ","蔬菜制品","深圳市计量质量检测研究院","以上不合格报告均已依据《食品安全抽样检验管理办法》要求，在时限内将报告送达告知被抽样单位，并在规定时间内未对抽检结果提出复检异议，现予以公示。"]
[2,"SZ210126748","深圳市信泽超市有限公司","深圳市宝安区新桥街道万丰社区万丰第三工业区大钟岗路二巷79号上东区华府133","腌萝卜干（片）","/","/","/","/","/","苯甲酸及其钠盐(以苯甲酸计)｜ ≤1.0 (g/kg) ｜2.09(g/kg) ","蔬菜制品","深圳市计量质量检测研究院"]
[{"$nulls":10},"防腐剂混合使用时各自用量占其最大使用量的比例之和｜≤1｜ 2.2"]
[3,"SZ210126743","深圳市信泽超市有限公司","深圳市宝安区新桥街道万丰社区万丰第三工业区大钟岗路二巷79号上东区华府133","腌萝卜干（条）","/","/","/","/","/","防腐剂混合使用时各自用量占其最大使用量的比例之和｜≤1｜ 1.3","蔬菜制品","深圳市计量质量检测研究院"]
[4,"SZ210126680","深圳市宝安区新桥街道泰记副食日杂商店","深圳市宝安区新桥街道新桥社区沙井北环路151号34","萝卜干","/","/","/","/","/","苯甲酸及其钠盐(以苯甲酸计)｜ ≤1.0 (g/kg) ｜3.20(g/kg)","蔬菜制品","深圳市计量质量检测研究院"]
[{"$nulls":10},"防腐剂混合使用时各自用量占其最大使用量的比例之和｜≤1｜ 3.3"]
[5,"SZ210126276","深圳市多喜旺食品有限公司","深圳市龙岗区龙岗街道平南社区植物园路316号2楼、3楼","加州葡萄吐司","/","200克/包","深圳市多喜旺食品有限公司","深圳市龙岗区龙岗街道平南社区植物园路316号2楼、3楼","2021-05-27","菌落总数｜ n=5,c=2,m=10⁴,M=10⁵(CFU/g) ｜7.0×10⁴、3.9×10⁴、3.7×10²、6.2×10⁴、9.3×10⁴(CFU/g) ","糕点","深圳市计量质量检测研究院"]
[6,"SZ210125084","深圳市广联百货有限公司","深圳市龙岗区坂田街道南坑社区中心路一号1-2层","脆麻花（芝麻咸味）","图案","308克/包","漯河市粮健食品有限责任公司","漯河市召陵区东城工业园区","2021-01-12","过氧化值(以脂肪计)｜≤0.25 (g/100g)｜ 1.0(g/100g) ","糕点","深圳市计量质量检测研究院"]
[7,"SZ210125273","深圳华泰兴食品有限公司","深圳市龙岗区大鹏街道水头工业区(海鲜商业街43号)","陈皮梅（蜜饯•凉果类）","图案","400克/包","深圳华泰兴食品有限公司","深圳市龙岗区大鹏街道水头工业区(即：海鲜商业街43号)","2021-04-07","菌落总数｜ n=5,c=2,m=10³,M=10⁴(CFU/g) ｜2.9×10³、3.1×10³、2.3×10³、2.8×10³、2.3×10³(CFU/g) ","水果制品","深圳市计量质量检测研究院"]
[8,"SZ210125617","深圳市金禧食品有限公司","深圳市龙华区观澜街道桂花社区惠民一路32号厂房六201","金光乳鸽（红烧味）","/","180克*5只/袋","深圳市金禧食品有限公司","深圳市龙华区观澜街道桂花社区惠民一路32号厂房六201","2021-05-25","菌落总数｜ n=5,c=2,m=10⁴,M=10⁵(CFU/g) ｜2.7×10⁵、2.2×10⁵、2.5×10⁵、2.4×10⁵、2.4×10⁵(CFU/g) ","肉制品","深圳市计量质量检测研究院"]
[9,"SZ210126442","深圳市康雅达实业有限公司华信购物广场","深圳市龙华新区大浪街道华荣路华艺商业街19号1栋2栋一、二楼","金丝果脯","流行e派","135克/包","广东泓润食品有限公司","揭西县凤江镇河棉公路三段","2021-04-20","乙二胺四乙酸二钠｜≤0.25 (g/kg)｜ 0.337(g/kg) ","水果制品","深圳市计量质量检测研究院"]
[10,"SZ210127339","深圳市龙华新区观澜万盛如意生活超市","深圳市龙华新区观澜街道章阁社区塘前瓦窑场工业区C栋","猫山王榴莲饼","/","300克/包","广东雪哈食品有限公司","佛山市南海区丹灶镇上安社区李家开发区陆平开厂房首层自编16号之一（住所申报）","2021-05-01","菌落总数｜ n=5,c=2,m=10⁴,M=10⁵(CFU/g) ｜ 3.2×10⁵、5.4×10⁵、1.3×10³、4.3×10⁴、4.0×10²(CFU/g) ","糕点","深圳市计量质量检测研究院"]
[11,"SZ210127152","深圳市龙华区大浪木材咸货档","深圳市龙华新区大浪街道龙胜社区龙胜市场一楼4、5、6、7号档","萝卜干","/","/","/","/","/","甜蜜素(以环己基氨基磺酸计)｜≤1.0 (g/kg) ｜2.78(g/kg)  ","蔬菜制品","深圳市计量质量检测研究院"]
[{"$nulls":10},"苯甲酸及其钠盐(以苯甲酸计)｜ ≤1.0 (g/kg) ｜2.74(g/kg)"]
[12,"SZ210127107","深圳市龙华区大浪锦昌杂货档","深圳市龙华区大浪街道龙胜社区龙胜市场24号32铺","萝卜干","/","/","/","/","/","甜蜜素(以环己基氨基磺酸计)｜≤1.0 (g/kg) ｜5.34(g/kg)  ","蔬菜制品","深圳市计量质量检测研究院"]
[{"$nulls":10},"糖精钠(以糖精计)｜≤0.15 (g/kg)｜ 0.206(g/kg)"]
[{"$nulls":10},"苯甲酸及其钠盐(以苯甲酸计) ｜≤1.0 (g/kg) ｜1.52(g/kg)"]
[13,"SZ210127101","深圳市龙华区观湖鸿兴粮油副食品店","深圳市龙华区观湖街道新田社区新田市场A区3-4号","大萝卜干","/","/","/","/","/","甜蜜素(以环己基氨基磺酸计)｜≤1.0 (g/kg) ｜1.28(g/kg) ","蔬菜制品","深圳市计量质量检测研究院"]
[14,"SZ210128039","深圳市汇港城购物中心有限公司","深圳市光明新区玉塘街道长圳社区长圳路39号","匠心小麻花（芝麻原味）","图案","330克/袋","安徽老市食品有限公司","安徽省宿州市埇桥区朱仙庄镇曹垤路、路西原李里小学院内","2020-12-15","过氧化值(以脂肪计)｜≤0.25 (g/100g)｜ 0.98(g/100g) ","糕点","深圳市计量质量检测研究院"]
[15,"SZ210127963","深圳大鹏新区隆润达超市","深圳市大鹏新区大鹏街道布新社区布新路77号10","绿豆饼","图案","散装称重","东莞市宏旺食品有限公司","东莞市大岭山镇大片美村鸿意工业园","2021-05-28","酸价(以脂肪计)｜≤5 (mg/g) ｜5.8(mg/g) ","糕点","深圳市计量质量检测研究院"]
[16,"SZ210125792","深圳盒马网络科技有限公司南山区第三分公司","深圳市南山区桃源街道龙珠社区龙珠大道033号桃源村三期-201号、-101号、101号(岁宝百货)地下二层103","咸蛋黄爆汁烧","/","220g/包","中山濠品轩食品有限公司","中山市神湾镇神湾大道南170号之三B幢","2021-05-11","防腐剂混合使用时各自用量占其最大使用量的比例之和｜≤1｜ 1.5","糕点","深圳市计量质量检测研究院","以上样品企业均已对检验结果申请复检，经复检机构检验，复检结论为不合格与初检结论一致。"]
[17,"SZ210119876","深圳探鱼餐饮管理有限公司第八分店","深圳市龙岗区龙城街道中心城爱南路666号龙岗星河COCOpark二楼L2S-007号","鸡蛋","/","/","/","/","2021-04-08","氟苯尼考｜不得检出｜23.0(μg/kg) ","食用农产品","深圳市计量质量检测研究院"]
[18,"SZ210126755","深圳市新鲜惠商贸有限公司","深圳市光明区公明街道上村社区元山旧村三和模具厂101","酸甜梅肉","图案","120克/包","广东和盛食品有限公司","揭阳市普侨区石南路中段顶楼路口北侧","2021-03-03","甜蜜素(以环己基氨基磺酸计)｜≤8.0 (g/kg) ｜16.6(g/kg) ","水果制品","深圳市计量质量检测研究院"]
[19,"SZ210106821","深圳市九和餐饮管理有限公司云城万科里店","深圳市南山区西丽街道西丽留仙洞总部基地打石二路南侧万科云城万科里C绿廊B1层17/18号","味精（假冒产品名称）","图形商标","1千克特小晶/包","广州奥桑味精食品有限公司（假冒厂名）","广州市海珠区南箕路翔凤横街2号（假冒厂址）","2020-09-08","谷氨酸钠｜≥99.0 (％)｜ 94.3(％) ","调味品","深圳市计量质量检测研究院","广州奥桑味精食品有限公司对样品真实性提出异议，经深圳市市场监督管理局调查核实，该批次产品为假冒产品。"]

{"sheet":"Sheet2","index":1,"n_rows":20,"n_cols":40,"rows_kept":20}
["序号","抽样单号","被检单位名称","被检单位详细地址","样品名称","文字商标","型号规格等级","生产单位名称","生产单位地址","批号/生产日期",null,"食品大类（一级）","任务号","报告结论","不合格项目","实测结果",null,null,"检测费（元）","折扣率","折扣后检测费（元）","不合格/风险项目数","检验项目数","抽样人员","备注","任务号","数量(单位)","检验数量(单位)","备样数量(单位)","单位","单价","总价","支付人员","支付方式","保质期","报告提交时间","营业执照","委托企业名称","委托企业地址","抽样基数"]
["60","SZ210126831","深圳市宝安区沙井李记冻品行","深圳市宝安区沙井街道中心路5号万丰市场10号铺","腌萝卜干（片）","/","/","/","/","/","甜蜜素(以环己基氨基磺酸计)｜ ≤1.0 (g/kg) ｜ 2.00(g/kg) ","蔬菜制品","202101LZ18","纯抽检不合格样品","甜蜜素(以环己基氨基磺酸计)","标准指标: ≤1.0 (g/kg) 实测值: 2.00(g/kg) ",{"$f":"O2&P2","v":"甜蜜素(以环己基氨基磺酸计)标准指标: ≤1.0 (g/kg) 实测值: 2.00(g/kg) "},"甜蜜素(以环己基氨基磺酸计)｜ ≤1.0 (g/kg) ｜ 2.00(g/kg) ",{"v":1014,"d":"1014.00"},0.95,{"v":963.3,"d":"963.30"},1,5,"卢荣锡,李洪","受检单位未能提供样品供应商和购进日期信息。","202101LZ18","0.75","0.5","0.25","kg","16.0","12.0","卢荣锡","现金","/","2021-06-22","92440300MA5DK1T717","深圳市宝安区沙井李记冻品行","深圳市宝安区沙井街道中心路5号万丰市场10号铺","1.5"]
["70","SZ210126748","深圳市信泽超市有限公司","深圳市宝安区新桥街道万丰社区万丰第三工业区大钟岗路二巷79号上东区华府133","腌萝卜干（片）","/","/","/","/","/","苯甲酸及其钠盐(以苯甲酸计),防腐剂混合使用时各自用量占其最大使用量的比例之和｜ ≤1.0 (g/kg) ｜ 2.09(g/kg) ｜ ≤1 ｜ 2.2","蔬菜制品","202101LZ18","纯抽检不合格样品","苯甲酸及其钠盐(以苯甲酸计),防腐剂混合使用时各自用量占其最大使用量的比例之和","标准指标: ≤1.0 (g/kg) 实测值: 2.09(g/kg) 标准指标: ≤1 实测值: 2.2","苯甲酸及其钠盐(以苯甲酸计),防腐剂混合使用时各自用量占其最大使用量的比例之和标准指标: ≤1.0 (g/kg) 实测值: 2.09(g/kg) 标准指标: ≤1 实测值: 2.2","苯甲酸及其钠盐(以苯甲酸计),防腐剂混合使用时各自用量占其最大使用量的比例之和｜ ≤1.0 (g/kg) ｜ 2.09(g/kg) ｜ ≤1 ｜ 2.2",{"v":1014,"d":"1014.00"},0.95,{"v":963.3,"d":"963.30"},2,6,"卢荣锡,李洪","受检单位未能提供样品供应商和购进日期信息。","202101LZ18","0.927","0.627","0.3","kg","17.6","16.3","卢荣锡","现金","/","2021-06-17","91440300MA5GA4321A","深圳市信泽超市有限公司","深圳市宝安区新桥街道万丰社区万丰第三工业区大钟岗路二巷79号上东区华府133","1.5"]
["73","SZ210126743","深圳市信泽超市有限公司","深圳市宝安区新桥街道万丰社区万丰第三工业区大钟岗路二巷79号上东区华府133","腌萝卜干（条）","/","/","/","/","/","防腐剂混合使用时各自用量占其最大使用量的比例之和｜ ≤1 ｜ 1.3","蔬菜制品","202101LZ18","纯抽检不合格样品","防腐剂混合使用时各自用量占其最大使用量的比例之和","标准指标: ≤1 实测值: 1.3","防腐剂混合使用时各自用量占其最大使用量的比例之和标准指标: ≤1 实测值: 1.3","防腐剂混合使用时各自用量占其最大使用量的比例之和｜ ≤1 ｜ 1.3",{"v":1014,"d":"1014.00"},0.95,{"v":963.3,"d":"963.30"},1,6,"卢荣锡,李洪","受检单位未能提供样品供应商和购进日期信息。","202101LZ18","0.85","0.55","0.3","kg","17.6","14.8","卢荣锡","现金","/","2021-06-16","91440300MA5GA4321A","深圳市信泽超市有限公司","深圳市宝安区新桥街道万丰社区万丰第三工业区大钟岗路二巷79号上东区华府133","1.5"]
["78","SZ210126680","深圳市宝安区新桥街道泰记副食日杂商店","深圳市宝安区新桥街道新桥社区沙井北环路151号34","萝卜干","/","/","/","/","/","苯甲酸及其钠盐(以苯甲酸计),防腐剂混合使用时各自用量占其最大使用量的比例之和｜ ≤1.0 (g/kg) ｜ 3.20(g/kg) ｜ ≤1 ｜ 3.3","蔬菜制品","202101LZ18","纯抽检不合格样品","苯甲酸及其钠盐(以苯甲酸计),防腐剂混合使用时各自用量占其最大使用量的比例之和","标准指标: ≤1.0 (g/kg) 实测值: 3.20(g/kg) 标准指标: ≤1 实测值: 3.3","苯甲酸及其钠盐(以苯甲酸计),防腐剂混合使用时各自用量占其最大使用量的比例之和标准指标: ≤1.0 (g/kg) 实测值: 3.20(g/kg) 标准指标: ≤1 实测值: 3.3","苯甲酸及其钠盐(以苯甲酸计),防腐剂混合使用时各自用量占其最大使用量的比例之和｜ ≤1.0 (g/kg) ｜ 3.20(g/kg) ｜ ≤1 ｜ 3.3",{"v":1014,"d":"1014.00"},0.95,{"v":963.3,"d":"963.30"},2,6,"梁永,张洪源","受检单位未能提供样品的供应商信息，无法提供购进日期。","202101LZ18","1.3","1.0","0.3","kg","15.0","19.5","梁永","现金","/","2021-06-18","92440300MA5GBQD71D","深圳市宝安区新桥街道泰记副食日杂商店","深圳市宝安区新桥街道新桥社区沙井北环路151号34","3"]
["6","SZ210126276","深圳市多喜旺食品有限公司","深圳市龙岗区龙岗街道平南社区植物园路316号2楼、3楼","加州葡萄吐司","/","200克/包","深圳市多喜旺食品有限公司","深圳市龙岗区龙岗街道平南社区植物园路316号2楼、3楼","2021-05-27","菌落总数｜ n=5,c=2,m=10⁴,M=10⁵(CFU/g) ｜ 7.0×10⁴、3.9×10⁴、3.7×10²、6.2×10⁴、9.3×10⁴(CFU/g) ","糕点","202101SC01","纯抽检不合格样品","菌落总数","标准指标: n=5,c=2,m=10⁴,M=10⁵(CFU/g) 实测值: 7.0×10⁴、3.9×10⁴、3.7×10²、6.2×10⁴、9.3×10⁴(CFU/g) ","菌落总数标准指标: n=5,c=2,m=10⁴,M=10⁵(CFU/g) 实测值: 7.0×10⁴、3.9×10⁴、3.7×10²、6.2×10⁴、9.3×10⁴(CFU/g) ","菌落总数｜ n=5,c=2,m=10⁴,M=10⁵(CFU/g) ｜ 7.0×10⁴、3.9×10⁴、3.7×10²、6.2×10⁴、9.3×10⁴(CFU/g) ",{"v":5544,"d":"5544.00"},0.95,{"v":5266.8,"d":"5266.80"},1,18,"谭永坚,叶明","/","202101SC01","11.0","8.0","3.0","包","13.0","143.0","谭永坚","现金","/","2021-06-15","91440300MA5D9RMA24","深圳市多喜旺食品有限公司","深圳市龙岗区龙岗街道平南社区植物园路316号2楼、3楼","12"]
["297","SZ210125084","深圳市广联百货有限公司","深圳市龙岗区坂田街道南坑社区中心路一号1-2层","脆麻花（芝麻咸味）","图案","308克/包","漯河市粮健食品有限责任公司","漯河市召陵区东城工业园区","2021-01-12","过氧化值(以脂肪计)｜ ≤0.25 (g/100g) ｜ 1.0(g/100g) ","糕点","202101LZ17","纯抽检不合格样品","过氧化值(以脂肪计)","标准指标: ≤0.25 (g/100g) 实测值: 1.0(g/100g) ","过氧化值(以脂肪计)标准指标: ≤0.25 (g/100g) 实测值: 1.0(g/100g) ","过氧化值(以脂肪计)｜ ≤0.25 (g/100g) ｜ 1.0(g/100g) ",{"v":2104,"d":"2104.00"},0.95,{"v":1998.8,"d":"1998.80"},1,10,"高宏基,方子楠","油炸类糕点","202101LZ17","8.0","6.0","2.0","包","9.9","79.2","方子楠","现金","/","2021-06-09","91440300055109302J","深圳市广联百货有限公司","深圳市龙岗区坂田街道南坑社区中心路一号1-2层","10"]
["118","SZ210125273","深圳华泰兴食品有限公司","深圳市龙岗区大鹏街道水头工业区(海鲜商业街43号)","陈皮梅（蜜饯•凉果类）","图案","400克/包","深圳华泰兴食品有限公司","深圳市龙岗区大鹏街道水头工业区(即：海鲜商业街43号)","2021-04-07","菌落总数｜ n=5,c=2,m=10³,M=10⁴(CFU/g) ｜ 2.9×10³、3.1×10³、2.3×10³、2.8×10³、2.3×10³(CFU/g) ","水果制品","202101SC01","纯抽检不合格样品","菌落总数","标准指标: n=5,c=2,m=10³,M=10⁴(CFU/g) 实测值: 2.9×10³、3.1×10³、2.3×10³、2.8×10³、2.3×10³(CFU/g) ","菌落总数标准指标: n=5,c=2,m=10³,M=10⁴(CFU/g) 实测值: 2.9×10³、3.1×10³、2.3×10³、2.8×10³、2.3×10³(CFU/g) ","菌落总数｜ n=5,c=2,m=10³,M=10⁴(CFU/g) ｜ 2.9×10³、3.1×10³、2.3×10³、2.8×10³、2.3×10³(CFU/g) ",{"v":2800,"d":"2800.00"},0.95,{"v":2660,"d":"2660.00"},1,14,"吴凌西,谢达暖","/","202101SC01","8.0","6.0","2.0","包","15.0","120.0","谢达暖","现金","/","2021-06-15","91440300618911930J","深圳华泰兴食品有限公司","深圳市龙岗区大鹏街道水头工业区(海鲜商业街43号)","50"]
["46","SZ210125617","深圳市金禧食品有限公司","深圳市龙华区观澜街道桂花社区惠民一路32号厂房六201","金光乳鸽（红烧味）","/","180克*5只/袋","深圳市金禧食品有限公司","深圳市龙华区观澜街道桂花社区惠民一路32号厂房六201","2021-05-25","菌落总数｜ n=5,c=2,m=10⁴,M=10⁵(CFU/g) ｜ 2.7×10⁵、2.2×10⁵、2.5×10⁵、2.4×10⁵、2.4×10⁵(CFU/g) ","肉制品","202101SC01","纯抽检不合格样品","菌落总数","标准指标: n=5,c=2,m=10⁴,M=10⁵(CFU/g) 实测值: 2.7×10⁵、2.2×10⁵、2.5×10⁵、2.4×10⁵、2.4×10⁵(CFU/g) ","菌落总数标准指标: n=5,c=2,m=10⁴,M=10⁵(CFU/g) 实测值: 2.7×10⁵、2.2×10⁵、2.5×10⁵、2.4×10⁵、2.4×10⁵(CFU/g) ","菌落总数｜ n=5,c=2,m=10⁴,M=10⁵(CFU/g) ｜ 2.7×10⁵、2.2×10⁵、2.5×10⁵、2.4×10⁵、2.4×10⁵(CFU/g) ",{"v":5669,"d":"5669.00"},0.95,5385.55,1,16,"林宣仁,刘宏军","样品为非即食产品","202101SC01","8.0","6.0","2.0","袋","100.0","800.0","林宣仁","移动扫码支付","/","2021-06-15","91440300MA5GAWBE74","深圳市金禧食品有限公司","深圳市龙华区观澜街道桂花社区惠民一路32号厂房六201","40"]
["80","SZ210126442","深圳市康雅达实业有限公司华信购物广场","深圳市龙华新区大浪街道华荣路华艺商业街19号1栋2栋一、二楼","金丝果脯","流行e派","135克/包","广东泓润食品有限公司","揭西县凤江镇河棉公路三段","2021-04-20","乙二胺四乙酸二钠｜ ≤0.25 (g/kg) ｜ 0.337(g/kg) ","水果制品","202101LZ15","纯抽检不合格样品","乙二胺四乙酸二钠","标准指标: ≤0.25 (g/kg) 实测值: 0.337(g/kg) ","乙二胺四乙酸二钠标准指标: ≤0.25 (g/kg) 实测值: 0.337(g/kg) ","乙二胺四乙酸二钠｜ ≤0.25 (g/kg) ｜ 0.337(g/kg) ",{"v":1624,"d":"1624.00"},0.95,{"v":1542.8,"d":"1542.80"},1,11,"吴志彬,苏华济","/","202101LZ15","5.0","3.0","2.0","包","7.5","37.5","吴志彬","公务卡","/","2021-06-22","91440300795444472R","深圳市康雅达实业有限公司华信购物广场","深圳市龙华新区大浪街道华荣路华艺商业街19号1栋2栋一、二楼","6"]
["101","SZ210127339","深圳市龙华新区观澜万盛如意生活超市","深圳市龙华新区观澜街道章阁社区塘前瓦窑场工业区C栋","猫山王榴莲饼","/","300克/包","广东雪哈食品有限公司","佛山市南海区丹灶镇上安社区李家开发区陆平开厂房首层自编16号之一（住所申报）","2021-05-01","菌落总数｜ n=5,c=2,m=10⁴,M=10⁵(CFU/g) ｜ 3.2×10⁵、5.4×10⁵、1.3×10³、4.3×10⁴、4.0×10²(CFU/g) ","糕点","202101LZ17","纯抽检不合格样品","菌落总数","标准指标: n=5,c=2,m=10⁴,M=10⁵(CFU/g) 实测值: 3.2×10⁵、5.4×10⁵、1.3×10³、4.3×10⁴、4.0×10²(CFU/g) ","菌落总数标准指标: n=5,c=2,m=10⁴,M=10⁵(CFU/g) 实测值: 3.2×10⁵、5.4×10⁵、1.3×10³、4.3×10⁴、4.0×10²(CFU/g) ","菌落总数｜ n=5,c=2,m=10⁴,M=10⁵(CFU/g) ｜ 3.2×10⁵、5.4×10⁵、1.3×10³、4.3×10⁴、4.0×10²(CFU/g) ",{"v":2104,"d":"2104.00"},0.95,{"v":1998.8,"d":"1998.80"},1,10,"梁发源,陈尚","/","202101LZ17","8.0","6.0","2.0","包","11.9","95.2","陈尚","现金","/","2021-06-24","92440300L671623144","深圳市龙华新区观澜万盛如意生活超市","深圳市龙华新区观澜街道章阁社区塘前瓦窑场工业区C栋","8"]
["8","SZ210127152","深圳市龙华区大浪木材咸货档","深圳市龙华新区大浪街道龙胜社区龙胜市场一楼4、5、6、7号档","萝卜干","/","/","/","/","/","甜蜜素(以环己基氨基磺酸计),苯甲酸及其钠盐(以苯甲酸计)｜ ≤1.0 (g/kg) ｜ 2.78(g/kg) ｜ ≤1.0 (g/kg) ｜ 2.74(g/kg) ","蔬菜制品","202101LZ18","纯抽检不合格样品","甜蜜素(以环己基氨基磺酸计),苯甲酸及其钠盐(以苯甲酸计)","标准指标: ≤1.0 (g/kg) 实测值: 2.78(g/kg) 标准指标: ≤1.0 (g/kg) 实测值: 2.74(g/kg) ","甜蜜素(以环己基氨基磺酸计),苯甲酸及其钠盐(以苯甲酸计)标准指标: ≤1.0 (g/kg) 实测值: 2.78(g/kg) 标准指标: ≤1.0 (g/kg) 实测值: 2.74(g/kg) ","甜蜜素(以环己基氨基磺酸计),苯甲酸及其钠盐(以苯甲酸计)｜ ≤1.0 (g/kg) ｜ 2.78(g/kg) ｜ ≤1.0 (g/kg) ｜ 2.74(g/kg) ",{"v":1014,"d":"1014.00"},0.95,{"v":963.3,"d":"963.30"},2,5,"林涌,胡润东","受检单位暂未能提供供应商信息及购进日期","202101LZ18","0.6","0.4","0.2","kg","15.0","9.0","胡润东","现金","/","2021-06-22","92440300MA5K0Q3L64","深圳市龙华区大浪木材咸货档","深圳市龙华新区大浪街道龙胜社区龙胜市场一楼4、5、6、7号档","2"]
["18","SZ210127107","深圳市龙华区大浪锦昌杂货档","深圳市龙华区大浪街道龙胜社区龙胜市场24号32铺","萝卜干","/","/","/","/","/","甜蜜素(以环己基氨基磺酸计),糖精钠(以糖精计),苯甲酸及其钠盐(以苯甲酸计)｜ ≤1.0 (g/kg) ｜ 5.34(g/kg) ｜ ≤0.15 (g/kg) ｜ 0.206(g/kg) ｜ ≤1.0 (g/kg) ｜ 1.52(g/kg) ","蔬菜制品","202101LZ18","纯抽检不合格样品","甜蜜素(以环己基氨基磺酸计),糖精钠(以糖精计),苯甲酸及其钠盐(以苯甲酸计)","标准指标: ≤1.0 (g/kg) 实测值: 5.34(g/kg) 标准指标: ≤0.15 (g/kg) 实测值: 0.206(g/kg) 标准指标: ≤1.0 (g/kg) 实测值: 1.52(g/kg) ","甜蜜素(以环己基氨基磺酸计),糖精钠(以糖精计),苯甲酸及其钠盐(以苯甲酸计)标准指标: ≤1.0 (g/kg) 实测值: 5.34(g/kg) 标准指标: ≤0.15 (g/kg) 实测值: 0.206(g/kg) 标准指标: ≤1.0 (g/kg) 实测值: 1.52(g/kg) ","甜蜜素(以环己基氨基磺酸计),糖精钠(以糖精计),苯甲酸及其钠盐(以苯甲酸计)｜ ≤1.0 (g/kg) ｜ 5.34(g/kg) ｜ ≤0.15 (g/kg) ｜ 0.206(g/kg) ｜ ≤1.0 (g/kg) ｜ 1.52(g/kg) ",{"v":1014,"d":"1014.00"},0.95,{"v":963.3,"d":"963.30"},3,5,"林涌,胡润东","受检单位暂未能提供供应商信息及购进日期","202101LZ18","0.6","0.4","0.2","kg","25.0","15.0","胡润东","现金","/","2021-06-18","92440300MA5K00M47F","深圳市龙华区大浪锦昌杂货档","深圳市龙华区大浪街道龙胜社区龙胜市场24号32铺","2"]
["22","SZ210127101","深圳市龙华区观湖鸿兴粮油副食品店","深圳市龙华区观湖街道新田社区新田市场A区3-4号","大萝卜干","/","/","/","/","/","甜蜜素(以环己基氨基磺酸计)｜ ≤1.0 (g/kg) ｜ 1.28(g/kg) ","蔬菜制品","202101LZ18","纯抽检不合格样品","甜蜜素(以环己基氨基磺酸计)","标准指标: ≤1.0 (g/kg) 实测值: 1.28(g/kg) ","甜蜜素(以环己基氨基磺酸计)标准指标: ≤1.0 (g/kg) 实测值: 1.28(g/kg) ","甜蜜素(以环己基氨基磺酸计)｜ ≤1.0 (g/kg) ｜ 1.28(g/kg) ",{"v":1014,"d":"1014.00"},0.95,{"v":963.3,"d":"963.30"},1,5,"王焕浩,邱志文","被抽样单位无法提供合法进货凭证，无法提供购进日期信息","202101LZ18","1.0","0.6","0.4","kg","12.0","12.0","王焕浩","现金","/","2021-06-22","92440300MA5JQFGH74","深圳市龙华区观湖鸿兴粮油副食品店","深圳市龙华区观湖街道新田社区新田市场A区3-4号","2"]
["49","SZ210128039","深圳市汇港城购物中心有限公司","深圳市光明新区玉塘街道长圳社区长圳路39号","匠心小麻花（芝麻原味）","图案","330克/袋","安徽老市食品有限公司","安徽省宿州市埇桥区朱仙庄镇曹垤路、路西原李里小学院内","2020-12-15","过氧化值(以脂肪计)｜ ≤0.25 (g/100g) ｜ 0.98(g/100g) ","糕点","202101LZ17","纯抽检不合格样品","过氧化值(以脂肪计)","标准指标: ≤0.25 (g/100g) 实测值: 0.98(g/100g) ","过氧化值(以脂肪计)标准指标: ≤0.25 (g/100g) 实测值: 0.98(g/100g) ","过氧化值(以脂肪计)｜ ≤0.25 (g/100g) ｜ 0.98(g/100g) ",{"v":2104,"d":"2104.00"},0.95,{"v":1998.8,"d":"1998.80"},1,10,"王焕浩,邱志文","加工方式：热加工油炸类","202101LZ17","8.0","6.0","2.0","袋","9.9","79.2","王焕浩","现金","/","2021-06-24","91440300MA5F49065W","深圳市汇港城购物中心有限公司","深圳市光明新区玉塘街道长圳社区长圳路39号","8"]
["50","SZ210127963","深圳大鹏新区隆润达超市","深圳市大鹏新区大鹏街道布新社区布新路77号10","绿豆饼","图案","散装称重","东莞市宏旺食品有限公司","东莞市大岭山镇大片美村鸿意工业园","2021-05-28","酸价(以脂肪计)｜ ≤5 (mg/g) ｜ 5.8(mg/g) ","糕点","202101LZ17","纯抽检不合格样品","酸价(以脂肪计)","标准指标: ≤5 (mg/g) 实测值: 5.8(mg/g) ","酸价(以脂肪计)标准指标: ≤5 (mg/g) 实测值: 5.8(mg/g) ","酸价(以脂肪计)｜ ≤5 (mg/g) ｜ 5.8(mg/g) ",{"v":2104,"d":"2104.00"},0.95,{"v":1998.8,"d":"1998.80"},1,10,"冯鑫胜,黄德富","样品共分为8份，其中检样6份，备样2份。","202101LZ17","2.0","1.5","0.5","kg","15.3","30.6","黄德富","公务卡","/","2021-06-25","92440300MA5FUWQT3U","深圳大鹏新区隆润达超市","深圳市大鹏新区大鹏街道布新社区布新路77号10","3"]
["269","SZ210125792","深圳盒马网络科技有限公司南山区第三分公司","深圳市南山区桃源街道龙珠社区龙珠大道033号桃源村三期-201号、-101号、101号(岁宝百货)地下二层103","咸蛋黄爆汁烧","/","220g/包","中山濠品轩食品有限公司","中山市神湾镇神湾大道南170号之三B幢","2021-05-11","防腐剂混合使用时各自用量占其最大使用量的比例之和｜ ≤1 ｜ 1.5","糕点","202101LZ17","复检不合格","防腐剂混合使用时各自用量占其最大使用量的比例之和","标准指标: ≤1 实测值: 1.5","防腐剂混合使用时各自用量占其最大使用量的比例之和标准指标: ≤1 实测值: 1.5","防腐剂混合使用时各自用量占其最大使用量的比例之和｜ ≤1 ｜ 1.5",{"v":2104,"d":"2104.00"},0.95,{"v":1998.8,"d":"1998.80"},1,11,"吴志彬,苏华济","/","202101LZ17","10.0","7.0","3.0","包","12.8","128.0","吴志彬","公务卡","/","2021-06-11","91440300MA5F97AU7R","深圳盒马网络科技有限公司南山区第三分公司","深圳市南山区桃源街道龙珠社区龙珠大道033号桃源村三期-201号、-101号、101号(岁宝百货)地下二层103","15"]
["1","SZ210119876","深圳探鱼餐饮管理有限公司第八分店","深圳市龙岗区龙城街道中心城爱南路666号龙岗星河COCOpark二楼L2S-007号","鸡蛋","/","/","/","/","2021-04-08","氟苯尼考｜ 不得检出 ｜ 23.0(μg/kg) ","食用农产品","202101CZ11","复检不合格","氟苯尼考","标准指标: 不得检出 实测值: 23.0(μg/kg) ","氟苯尼考标准指标: 不得检出 实测值: 23.0(μg/kg) ","氟苯尼考｜ 不得检出 ｜ 23.0(μg/kg) ",{"v":5100,"d":"5100.00"},0.95,{"v":4845,"d":"4845.00"},1,9,"刘元,高宏基","样品供货商为:深圳市乐康食品发展有限公司。购进日期由受检方提供。样品制样后检验0.6kg，留样0.3kg。","202101CZ11","1.6","1.0","0.6","kg","12.5","20.0","刘元","现金","/","2021-04-22","91440300356459728L","深圳探鱼餐饮管理有限公司第八分店","深圳市龙岗区龙城街道中心城爱南路666号龙岗星河COCOpark二楼L2S-007号","10"]
["27","SZ210126755","深圳市新鲜惠商贸有限公司","深圳市光明区公明街道上村社区元山旧村三和模具厂101","酸甜梅肉","图案","120克/包","广东和盛食品有限公司","揭阳市普侨区石南路中段顶楼路口北侧","2021-03-03","甜蜜素(以环己基氨基磺酸计)｜ ≤8.0 (g/kg) ｜ 16.6(g/kg) ","水果制品","202101LZ15","复检不合格","甜蜜素(以环己基氨基磺酸计)","标准指标: ≤8.0 (g/kg) 实测值: 16.6(g/kg) ","甜蜜素(以环己基氨基磺酸计)标准指标: ≤8.0 (g/kg) 实测值: 16.6(g/kg) ","甜蜜素(以环己基氨基磺酸计)｜ ≤8.0 (g/kg) ｜ 16.6(g/kg) ",{"v":1424,"d":"1424.00"},0.95,{"v":1352.8,"d":"1352.80"},1,10,"何世昌,陈远航","/","202101LZ15","6.0","4.0","2.0","包","8.5","51.0","陈远航","现金","/","2021-06-16","91440300MA5FRRDN11","深圳市新鲜惠商贸有限公司","深圳市光明区公明街道上村社区元山旧村三和模具厂101","6"]
["1","SZ210106821","深圳市九和餐饮管理有限公司云城万科里店","深圳市南山区西丽街道西丽留仙洞总部基地打石二路南侧万科云城万科里C绿廊B1层17/18号","味精","图形商标","1千克特小晶/包","广州奥桑味精食品有限公司","广州市海珠区南箕路翔凤横街2号","2020-09-08","谷氨酸钠｜ ≥99.0 (％) ｜ 94.3(％) ","调味品","202101CY01","假冒","谷氨酸钠","标准指标: ≥99.0 (％) 实测值: 94.3(％) ","谷氨酸钠标准指标: ≥99.0 (％) 实测值: 94.3(％) ","谷氨酸钠｜ ≥99.0 (％) ｜ 94.3(％) ",{"v":156,"d":"156.00"},0.95,{"v":148.2,"d":"148.20"},1,1,"梁永,李嘉铭","/","202101CY01","3.0","2.0","1.0","包","14.5","43.5","李嘉铭","现金","/","2021-03-08","91440300MA5F42XM7L","深圳市九和餐饮管理有限公司云城万科里店","深圳市南山区西丽街道西丽留仙洞总部基地打石二路南侧万科云城万科里C绿廊B1层17/18号","4"]